|
|
|
|
| LEADER |
02748nas a2200673 i 4500 |
| 001 |
nkc20162805651 |
| 003 |
CZ PrNK |
| 005 |
20181122121806.0 |
| 007 |
ta |
| 008 |
160620c20169999xr ar 1 b0cze |
| 015 |
|
|
|a cnb002805651
|
| 035 |
|
|
|a (OCoLC)953517370
|
| 040 |
|
|
|a ABA001
|b cze
|d BOA001
|e rda
|
| 072 |
|
7 |
|a 502
|x Životní prostředí a jeho ochrana
|2 Konspekt
|9 2
|
| 080 |
|
|
|a 582.091/.097
|2 MRF
|
| 080 |
|
|
|a 502.172:582
|2 MRF
|
| 080 |
|
|
|a 712.252
|2 MRF
|
| 080 |
|
|
|a 635.928
|2 MRF
|
| 080 |
|
|
|a 712.4
|2 MRF
|
| 080 |
|
|
|a 630.32
|2 MRF
|
| 080 |
|
|
|a 631.543
|2 MRF
|
| 080 |
|
|
|a (062.534)
|2 MRF
|
| 111 |
2 |
|
|a Dřeviny mimo les (konference)
|7 ko2016918877
|4 aut
|
| 245 |
1 |
0 |
|a Dřeviny mimo les :
|b ... konference : sborník konference ...
|
| 264 |
|
1 |
|a Chrudim :
|b Vodní zdroje Ekomonitor spol. s r.o.,
|c 2016-
|
| 300 |
|
|
|a ^^^svazků :
|b ilustrace ;
|c 29-30 cm
|
| 310 |
|
|
|a 1x ročně
|
| 336 |
|
|
|a text
|b txt
|2 rdacontent
|
| 337 |
|
|
|a bez média
|b n
|2 rdamedia
|
| 338 |
|
|
|a svazek
|b nc
|2 rdacarrier
|
| 362 |
0 |
|
|a 1 (2016)-
|
| 500 |
|
|
|a Součástí podnázvu je označení pořadí konference, datum a místo konání akce, které se mění, od ročníku 2017 je součástí názvu označení pořadí římskou číslicí (podnázev se nevýznamně mění)
|
| 500 |
|
|
|a Jednotlivé svazky mají ISBN
|
| 541 |
|
|
|c pv-r
|
| 650 |
0 |
7 |
|a dřeviny
|7 ph114402
|2 czenas
|
| 650 |
0 |
7 |
|a veřejná zeleň
|7 ph127078
|2 czenas
|
| 650 |
0 |
7 |
|a krajinná zeleň
|7 ph137566
|2 czenas
|
| 650 |
0 |
7 |
|a ochrana rostlin
|7 ph123664
|2 czenas
|
| 650 |
0 |
7 |
|a kácení dřevin
|7 ph576897
|2 czenas
|
| 650 |
0 |
7 |
|a výsadba
|7 ph314941
|2 czenas
|
| 650 |
0 |
9 |
|a woody plants
|2 eczenas
|
| 650 |
0 |
9 |
|a urban plants
|2 eczenas
|
| 650 |
0 |
9 |
|a landscape vegetation
|2 eczenas
|
| 650 |
0 |
9 |
|a plant conservation
|2 eczenas
|
| 650 |
0 |
9 |
|a tree felling
|2 eczenas
|
| 650 |
0 |
9 |
|a planting
|2 eczenas
|
| 655 |
|
7 |
|a sborníky konferencí
|7 fd133333
|2 czenas
|
| 655 |
|
9 |
|a proceedings of conferences
|2 eczenas
|
| 710 |
2 |
|
|a Vodní zdroje Ekomonitor (firma)
|7 kn20020321368
|4 isb
|4 orm
|
| 902 |
|
|
|a 978-80-86832-93-7
|q (1, 2016 ;
|q brožováno)
|
| 902 |
|
|
|a 978-80-88238-05-8
|q (2, 2017 ;
|q brožováno)
|
| 902 |
|
|
|a 978-80-88238-08-9
|q (3, 2018 ;
|q brožováno)
|
| 910 |
2 |
|
|a BOA001
|b 04446-1318.826
|s 1(2016)-
|
| 920 |
|
|
|a nkc20162801175
|
| 990 |
|
|
|a SE
|
| 995 |
|
|
|a 01
|
| 996 |
6 |
|
|b 2610672992
|c 04446-1318.826
|d 2016 1
|v 2016
|y 2016
|l MZK
|r Sklad / do 1 hodiny
|n 0
|p p.v.
|w 001568244
|u 000010
|a 1
|e BOA001
|j MZK50
|s P
|
| 996 |
6 |
|
|b 2610723564
|c 04446-1318.826
|d 2017 2
|v 2017
|y 2017
|l MZK
|r Sklad / do 1 hodiny
|n 1
|p p.v.
|w 001568244
|u 000020
|a 1
|e BOA001
|j MZK50
|s P
|
| 996 |
6 |
|
|b 2610757787
|c 04446-1318.826
|d 2018 3
|v 2018
|y 2018
|l MZK
|r Sklad / do 1 hodiny
|n 2
|p p.v.
|w 001568244
|u 000030
|a 1
|e BOA001
|j MZK50
|s P
|